Statystyki dla Największe miasta niewojewódzkie

Kliknij tutaj aby rozwiązać quiz!

Ogólne statystyki

  • Ten quiz został rozwiązany 457 razy
  • Średni wynik to 15 z 20

Statystyki odpowiedzi

ludnośćwojewództwomiasto% Poprawnych
246 tys.pomorskieGdynia
96%
213 tys.mazowieckieRadom
90%
202 tys.śląskieSosnowiec
84%
222 tys.śląskieCzęstochowa
83%
179 tys.śląskieGliwice
83%
173 tys.śląskieZabrze
78%
108 tys.śląskieChorzów
76%
120 tys.warmińsko-mazurskieElbląg
74%
107 tys.zachodniopomorskieKoszalin
73%
120 tys.mazowieckiePłock
73%
166 tys.śląskieBytom
72%
109 tys.małopolskieTarnów
72%
112 tys.dolnośląskieWałbrzych
69%
127 tys.śląskieTychy
68%
171 tys.śląskieBielsko-Biała
67%
100 tys.wielkopolskieKalisz
66%
112 tys.kujawsko-pomorskieWłocławek
64%
120 tys.śląskieDąbrowa Górnicza
60%
138 tys.śląskieRybnik
57%
138 tys.śląskieRuda Śląska
54%

Rozkład punktacji

Percentyl według liczby udzielonych odpowiedzi

Procent ludzi z każdym wynikiem

Twoja historia wyników

Nie rozwiązałeś tego quizu